| 000 | 00547nam a22002057a 4500 | ||
|---|---|---|---|
| 005 | 20250529151203.0 | ||
| 008 | 250414b |||||||| |||| 00| 0 eng d | ||
| 020 | _a9783031283772 | ||
| 040 | _cSDCL | ||
| 041 |
_2eng _aeng |
||
| 084 | _aX6:(B) R3 | ||
| 100 |
_aGianin, Emanuela Rosazza _9752238 |
||
| 245 |
_aMathematical finance : _bTheory review and exercises |
||
| 250 | _a2nd | ||
| 260 |
_aCham : _bSpringer, _c2023. |
||
| 300 | _axii,305p. | ||
| 490 |
_aUnitext _vVolume 149 |
||
| 700 |
_aSgarra, Carlo _9752239 |
||
| 942 |
_2CC _cTEXL |
||
| 999 |
_c1308935 _d1308935 |
||